|
|
|
|
| LEADER |
00000nab a2200000 a 4500 |
| 001 |
vtls000660637 |
| 003 |
SK-MaSNL |
| 005 |
20260302191329.0 |
| 008 |
140422c1998 xo 0 slo |
| 015 |
|
|
|a SNBRA1998/05-11870
|
| 035 |
|
|
|a CLN000012827
|
| 040 |
|
|
|a SNKBUCL
|b slo
|c SNKBUCL
|e AACR2
|
| 041 |
0 |
|
|a slo
|
| 044 |
|
|
|a xo
|c SK
|
| 080 |
|
|
|a 82.09:885.4-3(087.5)(048)
|2 1997
|
| 080 |
|
|
|a 885.4-3(087.5)(048)
|2 1997
|
| 100 |
1 |
|
|a Čierna, Miroslava
|4 aut
|9 5202
|
| 245 |
1 |
0 |
|a Niečo pre chlapcov?
|c Miroslava Čierna
|
| 300 |
|
|
|b Fotogr.
|
| 650 |
0 |
7 |
|a novely psychologické slovenské
|x recenzie
|2 snkbucl
|9 856628
|
| 655 |
|
7 |
|a články z novín a časopisov
|2 snkbucl
|9 267496
|
| 773 |
0 |
|
|t Literárny týždenník
|g Roč. 11, č. 18 (1998), s. 6
|x 0862-5999
|
| 787 |
0 |
8 |
|i Rec.:
|a Andruška, Peter, 1943-
|t Nechýba mi otec
|d Senica : ARKUS, 1997
|z 8088822254
|
| 850 |
|
|
|a Slovenská národná knižnica v Martine
|
| 852 |
|
|
|a SNK
|b KIS3GCP
|
| 958 |
|
|
|a SK
|
| 958 |
|
|
|a LX
|
| 992 |
|
|
|a RBX
|
| 999 |
|
|
|c 1436821
|d 1438751
|